| 000 | 00686nam a2200301Ia 4500 | ||
|---|---|---|---|
| 003 | GCL | ||
| 008 | 140319s9999 xx 000 0 eng d | ||
| 020 | _a1 85743 189 8 | ||
| 040 |
_aGCL / _cGCL |
||
| 082 | 0 | 4 |
_aREF _b940 _bE W |
| 245 | 1 | 0 | _aWESTERN EUROPE 2004 |
| 250 | _a6 | ||
| 260 |
_aانجلترا : _bEUROPA PUBLICATIONS LIMITED ، _c2004 |
||
| 300 |
_a32 CM ؛ _c794 P |
||
| 650 | 0 | 4 | _aGERMANY |
| 650 | 0 | 4 | _aSPAIN |
| 650 | 0 | 4 | _aMALTA |
| 650 | 0 | 4 | _aITALY |
| 650 | 0 | 4 | _aFRANCE |
| 650 | 0 | 4 | _aGREECE |
| 650 | 0 | 4 | _aSWITZERLAND |
| 650 | 0 | 4 | _aSWEDEN |
| 650 | 0 | 4 | _aWESTERN EUROPE |
| 650 | 0 | 4 | _aPORTUGAL |
| 650 | 0 | 4 | _aBELGIUM |
| 650 | 0 | 4 | _aDENMARK |
| 942 |
_2ddc _cREF |
||
| 999 |
_c5882 _d5882 |
||